000 00450nam a2200157Ia 4500
999 _c20156
_d20156
003 OSt
005 20200702100948.0
008 190216s9999||||xx |||||||||||||| ||und||
040 _coclc
082 _a913.03
_bCAI/M
100 _aCairns, Trevor
_93431
245 0 _aMen Become Civilized /
_cTrevor Cairns
260 _bCambridge Uty Press,
_c1976.
_aLondon:
300 _a97p
942 _cBK
_2ddc
_h913.03
_iCAI/M
_k913.03
_mCAI/M